| 000 | 00641nam a2200205 a 4500 | ||
|---|---|---|---|
| 001 | 269 | ||
| 003 | CDMR | ||
| 005 | 20131121102830.0 | ||
| 008 | 130130s1965||||||||||||||||||||||||||||d | ||
| 040 |
_aCDMR _bcat _cCDMR |
||
| 100 | 1 |
_aBaker, Stephen _9179 |
|
| 245 | 1 | 0 |
_aArte publicitario _b: su dirección, creación y técnicas _cStephen Baker |
| 260 |
_aBarcelona _c1965 _bHispano Europea |
||
| 300 |
_a524 p ; _c21 cm |
||
| 490 | 0 |
_aBiblioteca de dirección, organización y administración de empresas _v2 |
|
| 650 | 0 | 4 |
_9181 _aPublicitat _xTècnica |
| 650 | 0 | 4 |
_94138 _aArts gràfiques |
| 700 | 1 |
_aLlavador, Juan _eanot. _9182 |
|
| 942 |
_cMON _2udc |
||
| 999 |
_c269 _d269 |
||